| 000 | 00782nam a2200253Ia 4500 | ||
|---|---|---|---|
| 008 | 191130s2009##################000#0#eng## | ||
| 020 | _a9780230210165 | ||
| 022 | _a2008038444 | ||
| 040 |
_aACL _cACL |
||
| 082 | _a796.01 LEW | ||
| 100 | _aLewis, Gary | ||
| 245 |
_aThe making of champions : roots of the sporting mind _cGary Lewis |
||
| 260 |
_aBasingstoke, Hampshire _bPalgrave Macmillan _cc2009 |
||
| 300 | _ax, 198 p. ; 21 cm | ||
| 500 | _aIncludes indexes | ||
| 650 | _aAthletes - Mental health | ||
| 650 | _aAthletes - Psychology | ||
| 650 | _aMind and body | ||
| 650 | _aPhysical education and training - Psychological aspects | ||
| 650 | _aSports - Psychological aspects | ||
| 990 | _a91a0c38cac10000c7fc76232fecba847 | ||
| 991 | _a330497 | ||
| 999 |
_c57874 _d57874 |
||